[Event "36th European Club Cup 2021"]
[Site "Struga"]
[Date "2021.09.21"]
[Round "4.56"]
[White "Ivanisevic, Ivan"]
[Black "Makolli, Perparim"]
[Result "1-0"]
[WhiteElo "2582"]
[BlackElo "2249"]
[Annotator "ChessBase"]
[PlyCount "67"]
[EventDate "2021.09.18"]
[EventType "team-tourn"]
[EventCountry "MKD"]
[SourceTitle "playchess.com"]
[Source "ChessBase"]
[SourceQuality "1"]
[TimeControl "40/5400+30:1800+30"]

1. c4 {[%emt 0:00:03]} e6 {[%emt 0:00:59]} 2. Nc3 {[%emt 0:00:06]} d5 {[%emt 0:
00:22]} 3. d4 {[%emt 0:00:05]} Nf6 {[%emt 0:00:38]} 4. cxd5 {[%emt 0:00:07]}
exd5 {[%emt 0:00:25]} 5. Bg5 {[%emt 0:00:06]} Be7 {[%emt 0:00:48]} 6. e3 {
[%emt 0:00:07]} O-O {[%emt 0:01:37]} 7. Bd3 {[%emt 0:00:06]} Nbd7 {[%emt 0:01:
18]} 8. Nge2 {[%emt 0:00:17]} Re8 {[%emt 0:03:53]} 9. O-O {[%emt 0:00:58]} Nf8
{[%emt 0:03:08]} 10. b4 {[%emt 0:02:31]} c6 {[%emt 0:01:18]} 11. b5 {[%emt 0:
02:11]} Ne4 {[%emt 0:14:02]} 12. Bxe7 {[%emt 0:01:51]} Qxe7 {[%emt 0:02:49]}
13. Bxe4 {[%emt 0:03:26]} dxe4 {[%emt 0:00:07]} 14. bxc6 {[%emt 0:00:04]} bxc6
{[%emt 0:00:26]} 15. Qa4 {[%emt 0:00:43]} Qd6 {[%emt 0:07:28]} 16. Rfc1 {
[%emt 0:02:37]} Nd7 {[%emt 0:04:21]} 17. d5 {[%emt 0:09:08]} cxd5 {[%emt 0:02:
42]} 18. Nf4 {[%emt 0:06:24]} Re5 {[%emt 0:07:51]} 19. Nb5 {[%emt 0:03:38]} Qe7
{[%emt 0:01:47]} 20. Nc7 {[%emt 0:01:05]} Rb8 {[%emt 0:05:56]} 21. Qxa7 {
[%emt 0:07:50]} Qd6 {[%emt 0:04:27]} 22. a4 {[%emt 0:06:40]} g5 {[%emt 0:07:50]
} 23. Nh5 {[%emt 0:06:14]} Rb7 {[%emt 0:05:22]} 24. Nb5 {[%emt 0:01:17]} Qb8 {
[%emt 0:02:06]} 25. Qd4 {[%emt 0:02:39]} Rb6 {[%emt 0:01:34]} 26. Nc7 {[%emt 0:
04:45]} Ba6 {[%emt 0:03:48]} 27. a5 {[%emt 0:10:58]} Rh6 {[%emt 0:00:34]} 28.
Nxa6 {[%emt 0:00:18]} Rxa6 {[%emt 0:00:05]} 29. Rab1 {[%emt 0:00:10]} Qe8 {
[%emt 0:07:21]} 30. Rb7 {[%emt 0:00:29]} g4 {[%emt 0:00:18]} 31. Nf4 {[%emt 0:
03:44]} Nf6 {[%emt 0:03:11]} 32. Rb6 {[%emt 0:01:33]} Rxb6 {[%emt 0:04:43]} 33.
axb6 {[%emt 0:00:06]} Rf5 {[%emt 0:00:31]} 34. b7 {[%emt 0:01:02]} 1-0

[Event "36th European Club Cup 2021"]
[Site "Struga"]
[Date "2021.09.21"]
[Round "4.57"]
[White "Bajraktari, Perparim"]
[Black "Miladinovic, Igor"]
[Result "0-1"]
[WhiteElo "2196"]
[BlackElo "2536"]
[Annotator "ChessBase"]
[PlyCount "74"]
[EventDate "2021.09.18"]
[EventType "team-tourn"]
[EventCountry "MKD"]
[SourceTitle "playchess.com"]
[Source "ChessBase"]
[SourceQuality "1"]
[TimeControl "40/5400+30:1800+30"]

1. c4 {[%emt 0:00:03]} e5 {[%emt 0:00:08]} 2. Nc3 {[%emt 0:00:07]} Nc6 {
[%emt 0:00:06]} 3. g3 {[%emt 0:00:06]} g6 {[%emt 0:00:11]} 4. Bg2 {[%emt 0:00:
06]} Bg7 {[%emt 0:00:05]} 5. d3 {[%emt 0:00:11]} d6 {[%emt 0:00:58]} 6. Rb1 {
[%emt 0:00:07]} a5 {[%emt 0:00:08]} 7. a3 {[%emt 0:00:06]} Nf6 {[%emt 0:00:31]}
8. Nf3 {[%emt 0:00:09]} O-O {[%emt 0:00:07]} 9. O-O {[%emt 0:00:27]} Re8 {
[%emt 0:00:14]} 10. b4 {[%emt 0:00:19]} axb4 {[%emt 0:00:06]} 11. axb4 {
[%emt 0:00:05]} Nd4 {[%emt 0:00:28]} 12. Nd2 {[%emt 0:14:45]} c6 {[%emt 0:00:
19]} 13. b5 {[%emt 0:00:44]} d5 {[%emt 0:03:57]} 14. e3 {[%emt 0:08:59]} Ne6 {
[%emt 0:03:11]} 15. Nb3 {[%emt 0:03:29]} h5 {[%emt 0:02:01]} 16. cxd5 {[%emt 0:
03:01]} cxd5 {[%emt 0:00:14]} 17. e4 {[%emt 0:00:07]} d4 {[%emt 0:08:33]} 18.
Nd5 {[%emt 0:09:46]} Nxd5 {[%emt 0:00:34]} 19. exd5 {[%emt 0:00:07]} Nc7 {
[%emt 0:00:20]} 20. Nc5 {[%emt 0:02:59]} Nxd5 {[%emt 0:02:07]} 21. Qb3 {
[%emt 0:01:15]} Nc3 {[%emt 0:00:52]} 22. Bd2 {[%emt 0:03:24]} Nxb1 {[%emt 0:01:
57]} 23. Rxb1 {[%emt 0:00:10]} Qb6 {[%emt 0:10:50]} 24. Bd5 {[%emt 0:08:29]}
Re7 {[%emt 0:19:43]} 25. Na4 {[%emt 0:08:07]} Qf6 {[%emt 0:07:13]} 26. h4 {
[%emt 0:01:20]} Bf5 {[%emt 0:38:37]} 27. Bg5 {[%emt 0:05:45]} Qd6 {[%emt 0:00:
00]} 28. Bxe7 {[%emt 0:02:30]} Qxe7 {[%emt 0:00:00]} 29. Rc1 {[%emt 0:02:04]}
e4 {[%emt 0:00:00]} 30. dxe4 {[%emt 0:08:33]} Bxe4 {[%emt 0:00:00]} 31. Bxe4 {
[%emt 0:00:26]} Qxe4 {[%emt 0:00:00]} 32. Rc7 {[%emt 0:00:18]} Qf5 {[%emt 0:00:
00]} 33. Nc5 {[%emt 0:09:46]} Ra1+ {[%emt 0:00:00]} 34. Kg2 {[%emt 0:00:11]}
Rc1 {[%emt 0:00:00]} 35. Ne6 {[%emt 0:04:15]} Qe4+ {[%emt 0:04:30]} 36. Qf3
Rg1+ 37. Kxg1 {[%emt 0:06:44]} Qxf3 0-1

[Event "36th European Club Cup 2021"]
[Site "Struga"]
[Date "2021.09.21"]
[Round "4.58"]
[White "Miljkovic, Miroslav D"]
[Black "Asllani, Muhamet"]
[Result "1-0"]
[WhiteElo "2470"]
[BlackElo "2225"]
[Annotator "ChessBase"]
[PlyCount "109"]
[EventDate "2021.09.18"]
[EventType "team-tourn"]
[EventCountry "MKD"]
[SourceTitle "playchess.com"]
[Source "ChessBase"]
[SourceQuality "1"]
[TimeControl "40/5400+30:1800+30"]

1. d4 {[%emt 0:00:04]} Nf6 {[%emt 0:00:25]} 2. c4 {[%emt 0:00:18]} e6 {[%emt 0:
00:15]} 3. Nc3 {[%emt 0:00:24]} d5 {[%emt 0:00:27]} 4. Bg5 {[%emt 0:00:21]} Be7
{[%emt 0:00:22]} 5. e3 {[%emt 0:00:12]} c6 {[%emt 0:00:12]} 6. Nf3 {[%emt 0:00:
09]} dxc4 {[%emt 0:00:24]} 7. Bxc4 {[%emt 0:00:08]} b5 {[%emt 0:00:09]} 8. Bd3
{[%emt 0:00:19]} Bb7 {[%emt 0:00:13]} 9. O-O {[%emt 0:05:31]} Nbd7 {[%emt 0:00:
14]} 10. Rc1 {[%emt 0:00:46]} O-O {[%emt 0:02:19]} 11. Bxf6 {[%emt 0:02:56]}
Nxf6 {[%emt 0:02:32]} 12. Ne4 {[%emt 0:01:28]} Nd5 {[%emt 0:06:32]} 13. Nc5 {
[%emt 0:01:17]} Bxc5 {[%emt 0:01:17]} 14. Rxc5 {[%emt 0:00:17]} Rc8 {[%emt 0:
00:18]} 15. Ne5 {[%emt 0:05:39]} Nb4 {[%emt 0:04:36]} 16. Be4 {[%emt 0:02:48]}
Qe7 {[%emt 0:00:51]} 17. Qf3 {[%emt 0:23:05]} Rc7 {[%emt 0:03:11]} 18. Nd3 {
[%emt 0:26:44]} Nd5 {[%emt 0:17:30]} 19. Rfc1 {[%emt 0:00:52]} Rfc8 {[%emt 0:
00:22]} 20. a3 {[%emt 0:01:59]} Qd6 {[%emt 0:04:04]} 21. Ne5 {[%emt 0:00:51]}
a5 {[%emt 0:03:06]} 22. Qd1 {[%emt 0:03:00]} f6 {[%emt 0:01:54]} 23. Nd3 {
[%emt 0:02:01]} a4 {[%emt 0:00:59]} 24. Bxd5 {[%emt 0:01:37]} cxd5 {[%emt 0:04:
16]} 25. Qd2 {[%emt 0:06:40]} Rxc5 {[%emt 0:02:20]} 26. Rxc5 {[%emt 0:01:49]}
Rxc5 {[%emt 0:00:13]} 27. Nxc5 {[%emt 0:00:43]} Bc6 {[%emt 0:00:31]} 28. Qc3 {
[%emt 0:03:30]} h5 {[%emt 0:02:16]} 29. Nd3 {[%emt 0:00:30]} Be8 {[%emt 0:00:
32]} 30. Qc8 {[%emt 0:00:57]} Kf8 {[%emt 0:08:11]} 31. f4 {[%emt 0:01:26]} Qc6
{[%emt 0:02:43]} 32. Qxc6 {[%emt 0:00:52]} Bxc6 {[%emt 0:00:14]} 33. Kf2 {
[%emt 0:00:40]} Ke7 {[%emt 0:00:01]} 34. Ke1 {[%emt 0:00:27]} Kd6 {[%emt 0:00:
49]} 35. Kd2 {[%emt 0:01:14]} Be8 {[%emt 0:00:33]} 36. Kc3 {[%emt 0:01:37]} h4
{[%emt 0:01:33]} 37. Kb4 {[%emt 0:00:29]} Bh5 {[%emt 0:00:07]} 38. Nc1 {
[%emt 0:02:19]} Kc6 {[%emt 0:02:33]} 39. Ka5 {[%emt 0:00:29]} Bg6 {[%emt 0:02:
12]} 40. Na2 {[%emt 0:00:00]} e5 {[%emt 0:00:00]} 41. fxe5 {[%emt 0:06:04]}
fxe5 {[%emt 0:02:21]} 42. Nb4+ {[%emt 0:00:46]} Kd6 {[%emt 0:00:05]} 43. Kxb5 {
[%emt 0:00:12]} exd4 {[%emt 0:00:31]} 44. exd4 {[%emt 0:00:03]} Be4 {[%emt 0:
00:50]} 45. g3 {[%emt 0:00:12]} h3 {[%emt 0:00:12]} 46. Kxa4 {[%emt 0:01:47]}
Ke6 {[%emt 0:00:38]} 47. Kb3 {[%emt 0:01:16]} Kf5 {[%emt 0:00:19]} 48. Kc3 {
[%emt 0:03:00]} Kg4 {[%emt 0:00:14]} 49. a4 {[%emt 0:00:30]} Kf3 {[%emt 0:03:
12]} 50. Kd2 {[%emt 0:00:42]} Kg2 {[%emt 0:05:47]} 51. Ke3 {[%emt 0:00:16]}
Kxh2 {[%emt 0:00:26]} 52. Kf2 {[%emt 0:00:03]} g5 {[%emt 0:00:21]} 53. a5 {
[%emt 0:00:34]} Bd3 {[%emt 0:00:37]} 54. Nxd3 {[%emt 0:04:03]} g4 {[%emt 0:00:
32]} 55. Ne5 {[%emt 0:00:17]} 1-0

[Event "36th European Club Cup 2021"]
[Site "Struga"]
[Date "2021.09.21"]
[Round "4.59"]
[White "Zymberi, Astrit"]
[Black "Kosanovic, Goran A"]
[Result "0-1"]
[WhiteElo "2107"]
[BlackElo "2311"]
[Annotator "NA"]
[PlyCount "110"]
[EventDate "2021.09.18"]
[EventType "team-tourn"]
[EventCountry "MKD"]
[SourceTitle "playchess.com"]
[Source "ChessBase"]
[SourceQuality "1"]
[TimeControl "40/5400+30:1800+30"]

1. d4 {[%emt 0:00:02]} d5 {[%emt 0:00:31]} 2. c4 {[%emt 0:00:09]} e6 {[%emt 0:
00:10]} 3. Nc3 {[%emt 0:00:06]} c6 {[%emt 0:02:17]} 4. cxd5 {[%emt 0:02:56]}
exd5 {[%emt 0:00:09]} 5. Bf4 {[%emt 0:00:06]} Bd6 {[%emt 0:00:44]} 6. Bxd6 {
[%emt 0:02:16]} Qxd6 {[%emt 0:00:12]} 7. e3 {[%emt 0:00:06]} Bf5 {[%emt 0:00:
32]} 8. Bd3 {[%emt 0:01:06]} Bxd3 {[%emt 0:01:13]} 9. Qxd3 {[%emt 0:00:17]} Nf6
{[%emt 0:01:14]} 10. Nge2 {[%emt 0:01:23]} Nbd7 {[%emt 0:04:23]} 11. f3 {
[%emt 0:02:43]} O-O {[%emt 0:03:20]} 12. O-O {[%emt 0:03:40]} Rfe8 {[%emt 0:00:
59]} 13. Ng3 {[%emt 0:03:51]} c5 {[%emt 0:05:29]} 14. Rad1 {[%emt 0:04:57]}
Rad8 {[%emt 0:11:01]} 15. Rfe1 {[%emt 0:05:29]} a6 {[%emt 0:05:40]} 16. dxc5 {
[%emt 0:19:58]} Nxc5 {[%emt 0:02:53]} 17. Qc2 {[%emt 0:03:14]} Qb6 {[%emt 0:08:
41]} 18. Nf5 {[%emt 0:07:26]} Ne6 {[%emt 0:09:58]} 19. Qf2 {[%emt 0:02:28]} g6
{[%emt 0:04:33]} 20. Nd4 {[%emt 0:03:01]} Nxd4 {[%emt 0:03:10]} 21. Rxd4 {
[%emt 0:02:07]} Rd6 {[%emt 0:01:00]} 22. g4 {[%emt 0:06:29]} h6 {[%emt 0:01:45]
} 23. h4 {[%emt 0:05:01]} Rde6 {[%emt 0:07:09]} 24. Qd2 {[%emt 0:02:01]} Re5 {
[%emt 0:01:11]} 25. Kg2 {[%emt 0:05:13]} Qe6 {[%emt 0:03:22]} 26. Nd1 {[%emt 0:
05:10]} h5 {[%emt 0:07:34]} 27. g5 {[%emt 0:01:29]} Ne4 {[%emt 0:00:37]} 28.
fxe4 {[%emt 0:03:15]} Qg4+ {[%emt 0:00:25]} 29. Kf1 {[%emt 0:01:42]} dxe4 {
[%emt 0:01:32]} 30. Re2 {[%emt 0:01:01]} Qxh4 {[%emt 0:00:55]} 31. Rg2 {
[%emt 0:02:39]} Qh1+ {[%emt 0:08:57]} 32. Rg1 {[%emt 0:00:46]} Rf5+ {[%emt 0:
00:49]} 33. Nf2 {[%emt 0:00:17]} Qh3+ {[%emt 0:00:34]} 34. Ke1 {[%emt 0:00:39]}
Qh4 {[%emt 0:01:22]} 35. Rd8 {[%emt 0:03:07]} Rxd8 {[%emt 0:00:07]} 36. Qxd8+ {
[%emt 0:00:06]} Kh7 {[%emt 0:00:04]} 37. Qd2 {[%emt 0:01:14]} Qh2 {[%emt 0:02:
14]} 38. Rh1 {[%emt 0:01:04]} Qg3 {[%emt 0:00:44]} 39. Rf1 {[%emt 0:00:31]} Rf3
{[%emt 0:00:36]} 40. Kd1 {[%emt 0:00:00]} Qxg5 {[%emt 0:00:00]} 41. Re1 {
[%emt 0:06:58]} Qf5 {[%emt 0:01:50]} 42. Re2 {[%emt 0:00:30]} h4 {[%emt 0:01:
13]} 43. Kc2 {[%emt 0:05:12]} g5 {[%emt 0:02:43]} 44. Nd1 {[%emt 0:01:12]} g4 {
[%emt 0:00:33]} 45. Qd8 {[%emt 0:02:15]} Qf6 {[%emt 0:00:42]} 46. Qb8 {[%emt 0:
02:27]} g3 {[%emt 0:06:37]} 47. Qxb7 {[%emt 0:02:20]} h3 {[%emt 0:01:09]} 48.
Qd7 {[%emt 0:01:44]} g2 {[%emt 0:00:42]} 49. Qg4 {[%emt 0:00:40]} Qg6 {[%emt 0:
01:11]} 50. Qh4+ {[%emt 0:02:01]} Kg7 {[%emt 0:00:08]} 51. Rd2 {[%emt 0:00:42]}
Qg3 {[%emt 0:04:07]} 52. Qe7 {[%emt 0:01:45]} g1=Q {[%emt 0:02:02]} 53. Rd8 {
[%emt 0:00:19]} Kh7 {[%emt 0:01:02]} 54. Qc5 {[%emt 0:03:04]} Qg6 {[%emt 0:02:
27]} 55. Qe5 {[%emt 0:02:09]} Rf6 {[%emt 0:00:48]} 0-1

[Event "36th European Club Cup 2021"]
[Site "Struga"]
[Date "2021.09.21"]
[Round "4.60"]
[White "Stankovic, Milos"]
[Black "Bahtiri, Sabri"]
[Result "1-0"]
[WhiteElo "2409"]
[BlackElo "2010"]
[Annotator "NA"]
[PlyCount "77"]
[EventDate "2021.09.18"]
[EventType "team-tourn"]
[EventCountry "MKD"]
[SourceTitle "playchess.com"]
[Source "ChessBase"]
[SourceQuality "1"]
[TimeControl "40/5400+30:1800+30"]

1. d4 {[%emt 0:01:12]} d5 {[%emt 0:00:10]} 2. Nf3 {[%emt 0:00:26]} Nf6 {
[%emt 0:00:51]} 3. Bf4 {[%emt 0:00:32]} e6 {[%emt 0:10:59]} 4. e3 {[%emt 0:01:
33]} Bd6 {[%emt 0:00:36]} 5. Ne5 {[%emt 0:00:28]} O-O {[%emt 0:00:25]} 6. Nd2 {
[%emt 0:00:27]} c5 {[%emt 0:00:15]} 7. c3 {[%emt 0:00:33]} Nc6 {[%emt 0:00:47]}
8. h4 {[%emt 0:00:39]} Qc7 {[%emt 0:03:28]} 9. Ndf3 {[%emt 0:02:31]} Ne4 {
[%emt 0:00:26]} 10. Bd3 {[%emt 0:06:14]} f6 {[%emt 0:02:20]} 11. Nxc6 {[%emt 0:
00:36]} Bxf4 {[%emt 0:22:17]} 12. Ne7+ {[%emt 0:02:01]} Qxe7 {[%emt 0:00:10]}
13. exf4 {[%emt 0:00:11]} cxd4 {[%emt 0:00:09]} 14. Bxe4 {[%emt 0:04:33]} dxe4
{[%emt 0:00:16]} 15. Nxd4 {[%emt 0:00:11]} e5 {[%emt 0:04:11]} 16. fxe5 {
[%emt 0:00:31]} Qxe5 {[%emt 0:01:40]} 17. Qb3+ {[%emt 0:02:41]} Kh8 {[%emt 0:
01:44]} 18. O-O {[%emt 0:04:36]} b6 {[%emt 0:01:46]} 19. Rfe1 {[%emt 0:05:28]}
Bb7 {[%emt 0:01:52]} 20. Rad1 {[%emt 0:00:49]} f5 {[%emt 0:04:51]} 21. Ne6 {
[%emt 0:02:08]} Rf6 {[%emt 0:02:49]} 22. Nd8 {[%emt 0:08:09]} Qe7 {[%emt 0:02:
07]} 23. Nxb7 {[%emt 0:04:22]} Qxb7 {[%emt 0:00:02]} 24. Rd5 {[%emt 0:00:10]}
Qf7 {[%emt 0:10:22]} 25. Red1 {[%emt 0:09:29]} h5 {[%emt 0:00:28]} 26. Rd7 {
[%emt 0:01:54]} Qxb3 {[%emt 0:03:29]} 27. axb3 {[%emt 0:00:18]} Kg8 {[%emt 0:
00:09]} 28. R1d5 {[%emt 0:00:31]} g6 {[%emt 0:07:54]} 29. Rb7 {[%emt 0:01:27]}
Rf7 {[%emt 0:06:02]} 30. Rdd7 {[%emt 0:00:15]} Rxd7 {[%emt 0:05:04]} 31. Rxd7 {
[%emt 0:00:25]} Kf8 {[%emt 0:00:01]} 32. Kf1 {[%emt 0:02:05]} f4 {[%emt 0:02:
11]} 33. Ke2 {[%emt 0:01:56]} Re8 {[%emt 0:02:15]} 34. Rxa7 {[%emt 0:00:15]}
Re6 {[%emt 0:00:05]} 35. Rb7 {[%emt 0:01:04]} Rd6 {[%emt 0:00:07]} 36. b4 {
[%emt 0:00:31]} Ke8 {[%emt 0:00:29]} 37. Rc7 {[%emt 0:02:51]} Kf8 {[%emt 0:00:
36]} 38. Rc4 {[%emt 0:00:20]} Re6 {[%emt 0:00:14]} 39. f3 {[%emt 0:00:14]} 1-0

[Event "36th European Club Cup 2021"]
[Site "Struga"]
[Date "2021.09.22"]
[Round "5.1"]
[White "Harikrishna, Pentala"]
[Black "Svidler, Peter"]
[Result "1-0"]
[WhiteElo "2725"]
[BlackElo "2701"]
[Annotator "TA"]
[PlyCount "85"]
[EventDate "2021.09.18"]
[EventType "team-tourn"]
[EventCountry "MKD"]
[SourceTitle "playchess.com"]
[Source "ChessBase"]
[SourceQuality "1"]

{[%evp 18,85,9,9,17,14,14,0,29,6,15,11,49,60,59,59,48,52,52,52,91,49,108,100,
108,101,105,109,185,133,118,120,133,124,111,111,114,0,87,77,76,73,92,80,84,76,
97,91,78,88,91,98,142,55,334,208,214,214,346,347,350,337,347,346,306,278,373,
356,357,352]} 1. e4 e5 2. Nf3 Nc6 3. Bb5 a6 4. Ba4 Nf6 5. O-O Be7 6. d3 b5 7.
Bb3 d6 8. c3 O-O 9. h3 Na5 10. Bc2 c5 {C55: Two Knights: 4 d3, 4 d4 exd4 5 e5
and Max Lange Attack.} 11. d4 $1 {[%mdl 4] now scores much better than the old
11.Re1.} Nd7 12. Nbd2 {[#]} Rb8 $146 {The position is equal.} ({Predecessor:} 
12... exd4 13. cxd4 Nc6 14. d5 Nce5 15. Nxe5 Nxe5 16. f4 Ng6 17. Nf3 Bf6 18. e5
Bh4 19. Be3 Bb7 20. exd6 c4 21. f5 Nh8 22. Nxh4 Qxh4 23. f6 gxf6 24. Rf4 {
1-0 (24) Mosesov,D (2350)-Bagheri,M (2234) Chess.com INT 2018}) 13. d5 Nb6 14.
Re1 f5 15. exf5 Bxf5 16. Bxf5 Rxf5 17. Ne4 Qd7 18. b3 Rbf8 19. Nh2 c4 (19...
Qe8 $14) 20. Be3 $16 Bd8 21. Re2 Nb7 22. Nf1 Qc8 (22... R5f7 $16) 23. Rb2 (23.
a4 $1 $18) 23... R5f7 24. Nfg3 h6 25. Rd2 Nd7 26. Qg4 Kh7 27. Qe6 (27. Qh5 $16)
27... Bh4 (27... Re7 $1 $11 28. Qg4 (28. Nxd6 Qc7 $11) 28... Ref7) 28. Nf1 cxb3
29. axb3 Nf6 30. Nxf6+ (30. Nxd6 Nxd6 31. Qxd6 Ne4 $17) 30... Bxf6 31. Rxa6
Qxc3 32. Qf5+ Kg8 33. Qc2 $1 {[%cal Rc2c3]} Qb4 34. Ng3 Na5 35. Qe4 ({White
should play} 35. Qg6 $16 {Hoping for Bxh6.} Bh4 36. Qe4 (36. Rxd6 Bxg3 37. fxg3
Qxb3 $15) (36. Qxd6 Qxd6 37. Rxd6 Bxg3 $14) 36... Qxe4 37. Nxe4 Nxb3 38. Rb2)
35... Qc3 $2 {[%mdl 8192] This move loses the game for Black.} (35... Qxe4 $14
36. Nxe4 Nxb3) 36. Qd3 ({Less strong is} 36. Rxd6 Qxb3 37. Qd3 Qxd3 $14) 36...
Qb4 {[#]} 37. Ne4 $1 Be7 {[#]} (37... Bd8 $142 38. Rxd6 (38. Nxd6 Rf6 $16)
38... Nxb3) 38. Rd1 $1 $18 Nb7 39. Rb6 Bd8 40. Rxb5 Qa3 41. Qc3 {Black must
now prevent Ra1.} Qa2 42. Ra1 Qe2 43. Qc4 {Weighted Error Value: White=0.14/
Black=0.35} 1-0

[Event "36th European Club Cup 2021"]
[Site "Struga"]
[Date "2021.09.22"]
[Round "5.2"]
[White "Esipenko, Andrey"]
[Black "Wojtaszek, Radoslaw"]
[Result "1/2-1/2"]
[WhiteElo "2720"]
[BlackElo "2698"]
[Annotator "TA"]
[PlyCount "64"]
[EventDate "2021.09.18"]
[EventType "team-tourn"]
[EventCountry "MKD"]
[SourceTitle "playchess.com"]
[Source "ChessBase"]
[SourceQuality "1"]

{[%evp 11,64,0,0,0,0,0,0,0,0,0,5,0,4,0,11,0,10,15,17,11,13,0,7,0,0,-6,-4,-4,0,
0,0,0,0,0,0,0,0,0,0,0,0,0,0,0,0,0,0,0,0,0,0,0,0,0,0]} 1. e4 c5 2. Nc3 d6 3.
Nge2 Nf6 4. h3 Nc6 5. d4 cxd4 6. Nxd4 e5 {The position is equal.} 7. Nxc6 {
B56: Classical Sicilian: Unusual Lines.} bxc6 8. Bc4 Be7 9. O-O O-O 10. Qe2 Nd7
11. Rd1 Nb6 12. Bb3 a5 {[#]} 13. Na4 $146 ({Predecessor:} 13. Be3 Ba6 14. Qg4
Kh8 15. f4 a4 16. fxe5 Bc8 17. Qf3 axb3 18. cxb3 d5 19. Qf2 {1-0 (38) Nakamura,
H (2754)-Giri,A (2779) Paris 2019}) 13... Nxa4 14. Bxa4 Qc7 15. Be3 Be6 16. Bb3
Qc8 17. Rd2 a4 18. Bxe6 Qxe6 19. c4 Rfb8 20. Qd3 h6 21. Rb1 Rb4 22. Rc2 Bg5 23.
Bxg5 hxg5 24. Rd1 Rab8 25. Qxd6 Qxd6 26. Rxd6 Rxb2 27. Rxb2 Rxb2 28. Rxc6 Rxa2
$11 {KR-KR} 29. Rc8+ Kh7 30. Ra8 a3 31. c5 Rc2 32. Rxa3 Rxc5 {A rather calm
draw.  Weighted Error Value: White=0.01/Black=0.02} 1/2-1/2

[Event "36th European Club Cup 2021"]
[Site "Struga"]
[Date "2021.09.22"]
[Round "5.3"]
[White "Navara, David"]
[Black "Fedoseev, Vladimir"]
[Result "1-0"]
[WhiteElo "2676"]
[BlackElo "2708"]
[Annotator "TA"]
[PlyCount "67"]
[EventDate "2021.09.18"]
[EventType "team-tourn"]
[EventCountry "MKD"]
[SourceTitle "playchess.com"]
[Source "ChessBase"]
[SourceQuality "1"]

{[%evp 13,67,18,20,22,16,16,27,14,8,8,15,5,8,4,12,21,15,0,56,53,52,0,0,0,0,0,0,
0,85,85,110,30,30,32,31,33,25,32,125,96,103,97,112,106,127,142,177,118,175,171,
798,756,1439,1393,29963,29965]} 1. e4 c6 2. d4 d5 3. e5 Bf5 4. Nf3 e6 5. Be2 c5
6. Be3 cxd4 7. Nxd4 Ne7 8. Nd2 {8.0-0 is the hot move. B12: Caro-Kann: Advance
Variation.} Nbc6 9. N2f3 a6 10. O-O {White has an edge.} Be4 11. Rc1 Rc8 12. c4
dxc4 13. Bxc4 Nxd4 14. Nxd4 Bd5 15. b3 {[#]} b5 $146 (15... Qd7 $11) ({
Predecessor:} 15... h6 16. Qe2 g6 17. Nf3 b5 18. Rfd1 Bg7 19. a4 O-O 20. axb5
axb5 21. Bxb5 Rxc1 22. Bxc1 {1/2-1/2 (28) Bolz,J (2370)-Marbourg,D (2252) ICCF
email 2017}) 16. Be2 $14 Bb7 $1 17. Nxb5 (17. a4 $14 b4 18. Bc4) 17... axb5 $11
18. Bxb5+ Bc6 19. Rxc6 Nxc6 20. Qc2 Qd5 (20... Qd7 $11 {keeps the balance.} 21.
Rd1 (21. Rc1 Ba3 $11) 21... Qc7) 21. a4 $16 {[%mdl 1024] White has strong
compensation.} f5 {[#]} 22. Rd1 (22. exf6 $1 $16 {Black must now prevent Rd1.}
Kf7 23. Rd1) 22... Qe4 $11 23. Bd3 ({Avoid the trap} 23. Qd2 $2 Kf7 $19) 23...
Qb4 {And now ...Be7 would win.} 24. Ba6 Rc7 {aiming for ...Kf7.} 25. Bb5 Be7
26. Bb6 Rc8 {Strongly threatening ...Kf7.} 27. Bxc6+ Kf7 28. a5 g5 29. Kf1 Qf4
30. g3 $36 {[%mdl 2048] White is really pushing.} (30. Rd7 $18 {Threatens to
win with Qc5.} Qxe5 31. g3) 30... Qxe5 $16 31. Qc4 Bc5 $2 {[#]} (31... f4) 32.
Re1 $1 $18 Qd6 {[#]} (32... Be3 33. Bxe3) 33. Rxe6 $3 {[%mdl 512]} Qd4 {[#]} (
33... Qxe6 34. Bd5) 34. Re7+ $1 {[%mdl 576] Pin.  Weighted Error Value:
White=0.12/Black=0.43} 1-0

[Event "36th European Club Cup 2021"]
[Site "Struga"]
[Date "2021.09.22"]
[Round "5.4"]
[White "Alekseenko, Kirill"]
[Black "Ragger, Markus"]
[Result "1-0"]
[WhiteElo "2693"]
[BlackElo "2665"]
[Annotator "TA"]
[PlyCount "39"]
[EventDate "2021.09.18"]
[EventType "team-tourn"]
[EventCountry "MKD"]
[SourceTitle "playchess.com"]
[Source "ChessBase"]
[SourceQuality "1"]

{[%evp 9,39,12,49,0,-2,-7,0,-102,32,36,27,50,180,187,184,176,284,73,61,34,315,
319,595,578,487,653,600,635,604,612,1214,1087]} 1. d4 Nf6 2. c4 g6 3. h4 Bg7 4.
Nc3 c5 5. d5 e6 {[#]} 6. h5 $146 {E60: King's Indian: Unusual lines and
Fianchetto Variation without Nc3.} (6. dxe6 $14 fxe6 7. Bg5) ({Predecessor:} 6.
e4 exd5 7. exd5 O-O 8. Be2 Re8 9. Kf1 a6 10. a4 d6 11. h5 Ne4 12. Nxe4 Rxe4 13.
hxg6 hxg6 {1-0 (90) Carlsen,M (2882)-Vachier Lagrave,M (2778) Saint Louis 2019}
) 6... Nxh5 $11 7. g4 Nf6 8. d6 (8. g5 $11 {keeps the balance.} Nh5 9. e4) 8...
O-O (8... Nxg4 $17 9. e4 Bxc3+ 10. bxc3 Qf6 $1) 9. e4 $14 Nc6 10. Qf3 h5 (10...
b5 $14) 11. gxh5 $18 Nxh5 12. Be2 $1 Nd4 {[#]} (12... Bxc3+ $142 13. Qxc3 Qf6)
13. Qh3 $2 (13. Qg2 $1 $18 {is the precise move to win.}) 13... Qf6 $16 {
Threatens to win with ...Nc2+.} 14. f4 {e5 is the strong threat.} Nc2+ $2 {
[%mdl 8192]} ({Better is} 14... Nxe2 $14 15. Ngxe2 Re8) 15. Kf1 $18 Nxa1 $2 (
15... Nb4 {is a better defense.} 16. Bg4 (16. Bxh5 gxh5 17. Nf3 Qh6 $16) 16...
Nd3) 16. Bxh5 {White is clearly winning.} gxh5 {[#]} 17. f5 $1 Re8 {Strongly
threatening ...b6.} 18. Qxh5 {Black must now prevent Bg5.} exf5 19. Nd5 Qd4 20.
Ne2 {Weighted Error Value: White=0.29/Black=0.66} 1-0